000 00533nam a22001817a 4500
999 _c5355
_d5355
003 GBCCL
005 20241126110539.0
008 180315b ||||| |||| 00| 0 eng d
040 _cgbc
082 _a224.4007
_bJAC
100 _aJacobs, Jack
_99643
245 _aThat they might know the Lord (The Book of Ezekiel) /
_cJack Jacobs
260 _bRegular Baptist Press,
_aIllinois:
_c1983
300 _a125 p.;
_c23 cm.
440 _aAdult Student Manual
_v32
_99644
650 _aBible
_vO. T. Ezekiel
_xStudy
_99645
942 _2ddc
_cBK
_02